00672nam a2200181Ia 4500020001500000040000800015082002600023100001900049245006000068246006600128246003400194250001100228260005600239300008100295500008900376650001100465650001400476 a0072482842 cJNA a745 HIL 2002 A087 Or.1 aStewart, Mary,10aLaunching the imagination :bthree-dimensional design /13aLaunching the imagination. Volume 2: three dimensional design18aLaunching the imagination 3-D a1st ed aNew York, NY :bMcGraw-Hill Higher Education,c2002 a1 v. (various pagings) :bill. (some col.) ;c28 cm. +e1 CD-ROM (4 3/4 in.) aCD-ROM entitled: Launching the imagination, volumes I, II, & combined / Mary Stewart 0aDesign 0aSculpture